000
00268nam a22001097a 4500
082
_a
530.7 OHI'B
100
_a
O HIGGINS, P. J
_9
80345
245
_a
BASIC INSTRUMENTATION INDUSTRIAL MEASUREMENT
260
_a
NEWYORK
_b
MCGRAW HILL
_c
1966
300
_a
495P
942
_c
BK
999
_c
585297
_d
585297